Optics / (Record no. 150851)

MARC details
000 -LEADER
fixed length control field 00686nam a22002057a 4500
005 - DATE AND TIME OF LATEST TRANSACTION
control field 20180507102223.0
010 ## - LCCN (DPL NO)
LC control number ENG-122509
020 ## - INTERNATIONAL STANDARD BOOK NUMBER
International Standard Book Number 9789339220914
Terms of availability 650.00
035 ## - SYSTEM CONTROL NUMBER
System control number EN-106041
037 ## - SOURCE OF ACQUISITION
Source of stock number/acquisition DBAD/PUB
082 ## - DEWEY DECIMAL CLASSIFICATION NUMBER
Classification number 535
100 ## - MAIN ENTRY--PERSONAL NAME
Personal name Ghatak, Ajoy
245 ## - TITLE STATEMENT
Title Optics /
Statement of responsibility, etc by Ajoy Ghatak
250 ## - EDITION STATEMENT
Edition statement 6th ed.
260 ## - PUBLICATION, DISTRIBUTION, ETC. (IMPRINT)
Place of publication, distribution, etc Chennai
Name of publisher, distributor, etc Tata McGraw Hill Education (India) Private Limited
Date of publication, distribution, etc 2018
270 ## - ADDRESS
Address 444/1, Sri Ekambara Naicker Industrial Estate, Alapakkam, Porur,
City Chennai (Tamil Nadu)
Postal code 600116
300 ## - PHYSICAL DESCRIPTION
Extent various pages.
Other physical details ill. picture
Dimensions 25cm(pbk)
500 ## - GENERAL NOTE
General note Include references, suggested reading [and] index
942 ## - ADDED ENTRY ELEMENTS (KOHA)
Source of classification or shelving scheme Dewey Decimal Classification
Item type English Books
Call number suffix GHA
Classification part 535
Holdings
Withdrawn status Lost status Not for loan Collection code Home library Current library Date acquired Source of acquisition Cost, normal purchase price Full call number Barcode Copy number Cost, replacement price Koha item type
    Not For Loan Non-fiction D.B.Act.Division Patel Nagar 06/04/2018 DBAD/PUB 650.00 535 GHA EN-106041 1 650.00 English Books
      Non-fiction Sarojini Nagar Sarojini Nagar 24/01/2019     535 GHA B-713084   695.00 English Books

© Delhi Public Library
Hit Counter
free hit counter